000 01423cam a22003251a 4500
999 _c9047
_d9047
003 EG-ScBUE
005 20200112122653.0
008 190729s1994 enka f b 001 0deng d
020 _a0631168141
020 _a9780631168140
040 _aEG-ScBUE
_beng
_erda
_cEG-ScBUE
_dEG-ScBUE
082 0 4 _a809.93354
_bBEL
_222
100 1 _aBelsey, Catherine,
_eauthor.
245 1 0 _aDesire :
_blove stories in Western culture /
_cCatherine Belsey.
264 1 _aOxford, UK ;
_aCambridge :
_bBlackwell,
_c1994.
300 _ax, 232 pages :
_billustrations ;
_c24 cm
336 _2rdacontent
_atext
_btxt
337 _2rdamedia
_aunmediated
_bn
338 _2rdacarrier
_avolume
_bnc
500 _aDistributer: Al-Ahram.
504 _aIncludes bibliographical references and index.
520 _aIn the light of poststructuralist theory, and with reference to the work of Lacan and Derrida in particular, Catherine Belsey argues that fiction -- including poetry, drama and film -- is paradoxically the most serious location of writing about desire in Western cultura.
590 _amahmoud sami
650 7 _aEnglish literature
_xHistory and criticism
_xTheory, etc.
_2BUEsh
_939793
650 7 _aRomance fiction, English
_xHistory and criticism.
_2BUEsh
650 7 _aArthurian romances
_xHistory and criticism.
_2BUEsh
653 _bHHUUEENN
_cJanuary2020
655 _vReading book
942 _cBB
_k809.93354 BEL
_2ddc